<?xml version="1.0" encoding="UTF-8"?>
<record
    xmlns:xsi="http://www.w3.org/2001/XMLSchema-instance"
    xsi:schemaLocation="http://www.loc.gov/MARC21/slim http://www.loc.gov/standards/marcxml/schema/MARC21slim.xsd"
    xmlns="http://www.loc.gov/MARC21/slim">

  <leader>01063nam a22002657a 4500</leader>
  <controlfield tag="005">20240530110452.0</controlfield>
  <controlfield tag="008">150517s2011    ua d   g b    000 0 ara d</controlfield>
  <datafield tag="017" ind1=" " ind2=" ">
    <subfield code="a">19111</subfield>
    <subfield code="b">&#x645;&#x635;&#x631; . &#x62F;&#x627;&#x631; &#x627;&#x644;&#x643;&#x62A;&#x628; &#x627;&#x644;&#x645;&#x635;&#x631;&#x64A;&#x629;</subfield>
  </datafield>
  <datafield tag="020" ind1=" " ind2=" ">
    <subfield code="a">9770526800</subfield>
  </datafield>
  <datafield tag="040" ind1=" " ind2=" ">
    <subfield code="a">EG-CaGPL</subfield>
  </datafield>
  <datafield tag="082" ind1="0" ind2="4">
    <subfield code="2">21</subfield>
    <subfield code="a">370.1072\</subfield>
    <subfield code="b">&#x633; &#x628;</subfield>
  </datafield>
  <datafield tag="100" ind1=" " ind2=" ">
    <subfield code="a">&#x633;&#x645;&#x64A;&#x647; &#x639;&#x628;&#x62F;&#x627;&#x644;&#x648;&#x627;&#x631;&#x62B; &#x627;&#x62D;&#x645;&#x62F;</subfield>
  </datafield>
  <datafield tag="245" ind1="1" ind2="2">
    <subfield code="a">&#x627;&#x644;&#x628;&#x62D;&#x62B; &#x627;&#x644;&#x62A;&#x631;&#x628;&#x648;&#x649; &#x648; &#x627;&#x644;&#x646;&#x641;&#x633;&#x649; :</subfield>
    <subfield code="b">&#x62F;&#x644;&#x64A;&#x644; &#x62A;&#x635;&#x645;&#x64A;&#x645; &#x627;&#x644;&#x628;&#x62D;&#x648;&#x62B; /</subfield>
    <subfield code="c">&#x62A;&#x627;&#x644;&#x64A;&#x641; &#x633;&#x645;&#x64A;&#x647; &#x639;&#x628;&#x62F;&#x627;&#x644;&#x648;&#x627;&#x631;&#x62B; &#x627;&#x62D;&#x645;&#x62F;</subfield>
  </datafield>
  <datafield tag="250" ind1=" " ind2=" ">
    <subfield code="a">&#x637;1</subfield>
  </datafield>
  <datafield tag="260" ind1=" " ind2=" ">
    <subfield code="a">&#x627;&#x644;&#x642;&#x627;&#x647;&#x631;&#x629; :</subfield>
    <subfield code="b">&#x645;&#x643;&#x62A;&#x628;&#x629; &#x627;&#x644;&#x627;&#x646;&#x62C;&#x644;&#x648; &#x627;&#x644;&#x645;&#x635;&#x631;&#x64A;&#x629; &#x60C;</subfield>
    <subfield code="c">2011 .</subfield>
  </datafield>
  <datafield tag="300" ind1=" " ind2=" ">
    <subfield code="a">246 &#x635; :</subfield>
    <subfield code="b">&#x627;&#x64A;&#x636; &#x61B;</subfield>
    <subfield code="c">24 &#x633;&#x645;</subfield>
  </datafield>
  <datafield tag="504" ind1=" " ind2=" ">
    <subfield code="a">&#x628;&#x628;&#x644;&#x64A;&#x648;&#x62C;&#x631;&#x627;&#x641;&#x64A;&#x629; : &#x635; 241 - 246</subfield>
  </datafield>
  <datafield tag="650" ind1="0" ind2="4">
    <subfield code="a">&#x627;&#x644;&#x628;&#x62D;&#x648;&#x62B;</subfield>
    <subfield code="x">&#x627;&#x644;&#x62C;&#x648;&#x627;&#x646;&#x628; &#x627;&#x644;&#x646;&#x641;&#x633;&#x64A;&#x629; &#x648; &#x627;&#x644;&#x62A;&#x631;&#x628;&#x648;&#x64A;&#x629;</subfield>
  </datafield>
  <datafield tag="650" ind1="0" ind2="4">
    <subfield code="a">&#x627;&#x644;&#x628;&#x62D;&#x648;&#x62B;</subfield>
    <subfield code="x">&#x627;&#x644;&#x637;&#x631;&#x642; &#x627;&#x644;&#x627;&#x62D;&#x635;&#x627;&#x626;&#x64A;&#x629;</subfield>
  </datafield>
  <datafield tag="650" ind1="0" ind2="4">
    <subfield code="a">&#x637;&#x631;&#x642; &#x627;&#x644;&#x628;&#x62D;&#x62B;</subfield>
  </datafield>
  <datafield tag="650" ind1="0" ind2="4">
    <subfield code="a">&#x639;&#x644;&#x645; &#x627;&#x644;&#x646;&#x641;&#x633; &#x627;&#x644;&#x62A;&#x631;&#x628;&#x648;&#x649;</subfield>
    <subfield code="x">&#x637;&#x631;&#x642; &#x627;&#x644;&#x628;&#x62D;&#x62B;</subfield>
  </datafield>
  <datafield tag="650" ind1="0" ind2="4">
    <subfield code="a">&#x639;&#x644;&#x645; &#x627;&#x644;&#x646;&#x641;&#x633; &#x627;&#x644;&#x62A;&#x631;&#x628;&#x648;&#x649;</subfield>
  </datafield>
  <datafield tag="942" ind1=" " ind2=" ">
    <subfield code="2">ddc</subfield>
    <subfield code="c">BK</subfield>
  </datafield>
  <datafield tag="999" ind1=" " ind2=" ">
    <subfield code="c">61286</subfield>
    <subfield code="d">61286</subfield>
  </datafield>
  <datafield tag="952" ind1=" " ind2=" ">
    <subfield code="0">0</subfield>
    <subfield code="1">0</subfield>
    <subfield code="4">0</subfield>
    <subfield code="7">0</subfield>
    <subfield code="a">CAI</subfield>
    <subfield code="b">CAI</subfield>
    <subfield code="d">2015-05-17</subfield>
    <subfield code="l">0</subfield>
    <subfield code="o">370.1072\ &#x633; &#x628;</subfield>
    <subfield code="p">160552</subfield>
    <subfield code="r">2015-05-17 00:00:00</subfield>
    <subfield code="w">2015-05-17</subfield>
    <subfield code="y">BK</subfield>
  </datafield>
</record>
